00314nam a2200121Ia 4500008004000000020001800040082001800058100002000076245003300096260004400129300000800173650001100181210210b1987 xxu||||| |||| 00| 0 eng d a0 85112 836 X a796.8153 MORK aMORRIS (Tommy). aKarate: the complete course. aLondonbGuinness superlatives ltdc1987 a160 aKarate